Score 0/20 Timer 06:00
0 Plays Today
% Correct
To Kill a Mockingbird
83.9%
The Catcher in the Rye
78.6%
Adventures of Huckleberry Finn
74.9%
The Scarlet Letter
68.2%
Julius Caesar
63.9%
Crime and Punishment
62.7%
Great Expectations
61.5%
Lord of the Flies
59.3%
The Grapes of Wrath
57.8%
The Canterbury Tales
53.9%
% Correct
The Great Gatsby
53.6%
Pride and Prejudice
51.6%
Moby-Dick
47.8%
The Crucible
45.8%
Jane Eyre
45%
Wuthering Heights
44.2%
Brave New World
29%
Fahrenheit 451
28.8%
Nineteen Eighty-Four
26.5%
Silas Marner
14.3%
Come Together.
Have Fun.
All Virtual.
We all need to come together. Play Sporcle's virtual live trivia to have fun, connect with people, and get your trivia on. Join a live hosted trivia game for your favorite pub trivia experience done virtually. If a virtual private party is more your thing, go here for details.

You're not logged in!

Compare scores with friends on all Sporcle quizzes.
OR
Log In

Sporcle TV

Today on Sporcle TV


Watch our educational content, quiz creation guides, and fun videos on Sporcle TV.

Show Comments

Extras

Top Quizzes Today


Score Distribution

Paid Content

Your Account Isn't Verified!

In order to create a playlist on Sporcle, you need to verify the email address you used during registration. Go to your Sporcle Settings to finish the process.

Report this User

Report this user for behavior that violates our Community Guidelines.

Details: